[Event "Hamburg-chT Landesliga 1617"]
[Site "Hamburg"]
[Date "2017.05.14"]
[Round "9.8"]
[White "Hedden, Helge"]
[Black "Cotaru, Andrei"]
[Result "1-0"]
[WhiteElo "2115"]
[BlackElo "1873"]
[PlyCount "129"]
[EventDate "2016.10.16"]
[EventType "team-tourn"]
[EventRounds "9"]
[EventCountry "GER"]
[SourceTitle "EXT 2022"]
[Source "ChessBase"]
[SourceDate "2021.10.06"]
[SourceVersion "1"]
[SourceVersionDate "2021.10.06"]
[SourceQuality "1"]
[WhiteTeam "Hamburger SK IV"]
[BlackTeam "Harburg Diagonale"]
[WhiteTeamCountry "GER"]
[BlackTeamCountry "GER"]

1. d4 d6 2. Nf3 Bg4 3. Nbd2 Nd7 4. h3 Bh5 5. e4 e5 6. c3 Ne7 7. Qb3 Rb8 8. Be2 Bg6 9. 0-0 Nc6 10. Bb5 f6 11. Bxc6 bxc6 12. Qa4 c5 13. Qxa7 Qc8 14. Qa4 Bf7 15. Qc2 g5 16. dxe5 dxe5 17. c4 Nb6 18. a4 Bd6 19. Ra3 Qe6 20. Rc3 Ra8 21. b3 h5 22. Nh2 Nc8 23. Re1 Ne7 24. Ndf1 Nc6 25. Ng3 Nd4 26. Qd3 Bg6 27. Be3 Kd7 28. Nf5 Nxf5 29. exf5 Bxf5 30. Qd1 Kc6 31. Qd5+ Qxd5 32. cxd5+ Kxd5 33. Rd1+ Kc6 34. Bxc5 Bxc5 35. Rdc1 Ra7 36. Rxc5+ Kd7 37. Nf1 Rb8 38. Nd2 Rb4 39. Kf1 Rd4 40. Ke2 h4 41. R1c3 Be6 42. f3 Bd5 43. Rd3 Rxd3 44. Kxd3 Kd6 45. Rb5 Bb7 46. Ne4+ Ke7 47. Nc5 Bc8 48. Rb8 Bf5+ 49. Kc4 Bc2 50. Kc3 Bg6 51. b4 f5 52. a5 Bf7 53. a6 Kd6 54. Nb7+ Ke7 55. b5 Bd5 56. Rc8 Bxb7 57. Rxc7+ Kd8 58. Rxb7 Rxb7 59. axb7 Kc7 60. Kc4 e4 61. fxe4 f4 62. Kd3 g4 63. Ke2 f3+ 64. gxf3 g3 65. f4 1-0

[Event "Oberliga Nord N 1415"]
[Site "Germany"]
[Date "2015.04.12"]
[Round "9.7"]
[White "Hedden, Helge"]
[Black "Hein, Andreas"]
[Result "1/2-1/2"]
[WhiteElo "2151"]
[BlackElo "1814"]
[PlyCount "36"]
[EventDate "2014.09.21"]
[EventType "team-tourn"]
[EventRounds "9"]
[EventCountry "GER"]
[SourceTitle "EXT 2016"]
[Source "ChessBase"]
[SourceDate "2015.10.08"]
[SourceVersion "1"]
[SourceVersionDate "2015.10.08"]
[SourceQuality "1"]
[WhiteTeam "Hamburger SK III"]
[BlackTeam "Neumuenster Agon"]
[WhiteTeamCountry "GER"]
[BlackTeamCountry "GER"]

1. c4 e5 2. g3 Nf6 3. Bg2 Nc6 4. Nc3 Bc5 5. e3 a6 6. Nge2 0-0 7. 0-0 d6 8. h3 Re8 9. d4 exd4 10. exd4 Ba7 11. Be3 h6 12. Qd2 Ne7 13. g4 c6 14. Nf4 d5 15. cxd5 Nexd5 16. Nfxd5 Nxd5 17. Nxd5 cxd5 18. Bf4 Be6 1/2-1/2

[Event "Oberliga Nord N 1314"]
[Site "Germany"]
[Date "2013.11.24"]
[Round "3.7"]
[White "Hedden, Helge"]
[Black "Hawranke, Dietrich"]
[Result "1-0"]
[WhiteElo "2148"]
[BlackElo "2127"]
[PlyCount "75"]
[EventDate "2013.10.13"]
[EventType "team-tourn"]
[EventRounds "9"]
[EventCountry "GER"]
[SourceTitle "EXT 2015"]
[Source "ChessBase"]
[SourceDate "2014.11.20"]
[SourceVersion "1"]
[SourceVersionDate "2014.11.20"]
[SourceQuality "1"]
[WhiteTeam "Hamburger SK III"]
[BlackTeam "Pinneberg"]
[WhiteTeamCountry "GER"]
[BlackTeamCountry "GER"]

1. c4 c5 2. g3 Nc6 3. Bg2 g6 4. Nc3 Bg7 5. a3 d6 6. Rb1 Nf6 7. Nf3 0-0 8. b4 Rb8 9. 0-0 Bg4 10. h3 Bxf3 11. exf3 Ne5 12. d3 Ne8 13. Ne2 Nc7 14. f4 Nc6 15. Bb2 Bxb2 16. Rxb2 Ne6 17. Bxc6 bxc6 18. d4 cxd4 19. Nxd4 Nxd4 20. Qxd4 Qc8 21. Qxa7 Rb7 22. Qa4 Qxh3 23. Qxc6 Ra7 24. Qf3 Rc8 25. Rc1 Qe6 26. Rbc2 Rac7 27. Qd3 h5 28. c5 Rd8 29. b5 h4 30. c6 Rb8 31. Kg2 Qg4 32. Rb2 g5 33. fxg5 Qxg5 34. Rc4 d5 35. Rxh4 Rxc6 36. Qh7+ Kf8 37. Qh8+ Qg8 38. bxc6 1-0

[Event "Hamburg Cup"]
[Site "Hamburg"]
[Date "2013.09.20"]
[Round "4.1"]
[White "Hedden, Helge"]
[Black "Schroeder, Christoph"]
[Result "0-1"]
[WhiteElo "2150"]
[BlackElo "2217"]
[PlyCount "118"]
[EventDate "2013.09.07"]
[EventType "k.o."]
[EventRounds "4"]
[EventCountry "GER"]
[SourceTitle "EXT 2015"]
[Source "ChessBase"]
[SourceDate "2014.11.20"]
[SourceVersion "1"]
[SourceVersionDate "2014.11.20"]
[SourceQuality "1"]

1. c4 e6 2. g3 d5 3. Bg2 dxc4 4. Qa4+ Nd7 5. Qxc4 a6 6. b4 Rb8 7. Ba3 Nb6 8. Qb3 e5 9. d3 Be6 10. Qb2 f6 11. Nf3 Nh6 12. 0-0 Be7 13. b5 Na4 14. Bxe7 Qxe7 15. Qc2 axb5 16. d4 Nf7 17. dxe5 fxe5 18. Nc3 Nxc3 19. Qxc3 Bc4 20. Nd2 Bxe2 21. Rfe1 Bg4 22. Bxb7 Rxb7 23. Qc6+ Qd7 24. Qxb7 Qxd2 25. Qxb5+ Qd7 26. Qb4 Bf3 27. Re3 e4 28. Rxf3 exf3 29. Re1+ Kd8 30. Qb8+ Qc8 31. Qb3 Qf5 32. Qb8+ Qc8 33. Qb3 Nd6 34. Qxf3 Re8 35. Rd1 Qa6 36. Qf4 Re7 37. Qf8+ Kd7 38. Qf5+ Ke8 39. Qxh7 Qxa2 40. Qh8+ Kf7 41. h4 Qe2 42. Rf1 Ne4 43. Qh7 Nf6 44. Qf5 Rd7 45. Qf4 c5 46. Rc1 Rd1+ 47. Rxd1 Qxd1+ 48. Kg2 Qd5+ 49. f3 c4 50. g4 Kg8 51. g5 Nh5 52. Qe3 Kh7 53. Qe8 g6 54. Qe3 Ng7 55. Kf2 Kg8 56. Qc3 Nf5 57. Qe1 Qd4+ 58. Kg2 Nxh4+ 59. Kh3 Nf5 0-1

[Event "Hamburg St Pauli op-A"]
[Site "Hamburg"]
[Date "2011.07.13"]
[Round "6"]
[White "Hedden, Helge"]
[Black "Gottuk, Stefan"]
[Result "0-1"]
[WhiteElo "2100"]
[BlackElo "2229"]
[PlyCount "114"]
[EventDate "2011.07.09"]
[EventType "swiss"]
[EventRounds "9"]
[EventCountry "GER"]
[SourceTitle "CBM 143 Extra"]
[Source "ChessBase"]
[SourceDate "2011.08.29"]
[SourceVersion "1"]
[SourceVersionDate "2011.08.29"]
[SourceQuality "1"]

1. e4 Nc6 2. Nf3 Nf6 3. e5 Ng4 4. d4 d6 5. exd6 Qxd6 6. h3 Nf6 7. Bd3 Nb4 8. Bb5+ c6 9. Ba4 Bf5 10. 0-0 Nd7 11. c4 Bd3 12. c5 Qg6 13. Qb3 Bxf1 14. Kxf1 Qd3+ 15. Qxd3 Nxd3 16. Bd2 e5 17. Bc2 Nf4 18. Nxe5 Nxe5 19. Bxf4 Ng6 20. Bg3 Rd8 21. Nc3 Rxd4 22. Re1+ Kd8 23. Ne4 Be7 24. Bd6 Rf8 25. Bxe7+ Nxe7 26. Nd6 g6 27. Nxb7+ Kd7 28. Nd6 Rd2 29. Rc1 Nd5 30. Ke1 Rd4 31. Bb1 f5 32. Rd1 Rxd1+ 33. Kxd1 Nf4 34. g4 fxg4 35. hxg4 Nh3 36. f3 Rxf3 37. Nc4 Rf1+ 38. Kc2 Re1 39. b4 Nf2 40. g5 Nh3 41. a4 Nxg5 42. b5 Ne6 43. b6 a5 44. b7 Kc7 45. Nxa5 Nxc5 46. Nxc6 Kxb7 47. Nd4 Nxa4 48. Ba2 Nc5 49. Kd2 Re7 50. Bb1 Kc7 51. Ne2 Ne4+ 52. Kd3 Nf2+ 53. Kd2 Kd6 54. Ke1 Ne4 55. Kd1 Ke5 56. Ke1 Kf6 57. Kd1 Kg5 0-1

[Event "Hamburg St Pauli op-A"]
[Site "Hamburg"]
[Date "2011.07.10"]
[Round "2"]
[White "Hedden, Helge"]
[Black "Meyer, Malte"]
[Result "1/2-1/2"]
[WhiteElo "2100"]
[BlackElo "2315"]
[PlyCount "104"]
[EventDate "2011.07.09"]
[EventType "swiss"]
[EventRounds "9"]
[EventCountry "GER"]
[SourceTitle "CBM 143 Extra"]
[Source "ChessBase"]
[SourceDate "2011.08.29"]
[SourceVersion "1"]
[SourceVersionDate "2011.08.29"]
[SourceQuality "1"]

1. Nf3 d5 2. g3 Nf6 3. Bg2 e6 4. 0-0 Be7 5. d4 0-0 6. c4 c6 7. Nbd2 Nbd7 8. b3 b6 9. Bb2 Bb7 10. Re1 Rc8 11. e4 c5 12. exd5 exd5 13. Bh3 Rc7 14. Re3 dxc4 15. Nxc4 Nd5 16. Re1 cxd4 17. Nxd4 Bb4 18. Rf1 Bc3 19. Bxc3 Nxc3 20. Qc2 Ne5 21. Qxc3 Qxd4 22. Qxd4 Nf3+ 23. Kh1 Nxd4+ 24. Bg2 Ba6 25. Rfd1 Rd8 26. Ne3 Be2 27. Rd2 Rcd7 28. Re1 Bf3 29. Bxf3 Nxf3 30. Rxd7 Rxd7 31. Rc1 g6 32. Kg2 Ne5 33. Rc8+ Kg7 34. Nc4 Nd3 35. Ne3 h5 36. Kf1 f5 37. f4 Re7 38. Ke2 Nb4 39. Kd2 Nxa2 40. Nc4 Nb4 41. Ne5 Nd5 42. Rc6 Nf6 43. Kd3 h4 44. Kd4 hxg3 45. hxg3 Rb7 46. Kc4 b5+ 47. Kb4 Nd5+ 48. Kc5 Ne7 49. Re6 a5 50. Ra6 a4 51. bxa4 b4 52. Rb6 Rc7+ 1/2-1/2

[Event "Hamburg St Pauli op-A"]
[Site "Hamburg"]
[Date "2011.07.09"]
[Round "1"]
[White "Seidel, Mika"]
[Black "Hedden, Helge"]
[Result "0-1"]
[WhiteElo "1869"]
[BlackElo "2100"]
[PlyCount "64"]
[EventDate "2011.07.09"]
[EventType "swiss"]
[EventRounds "9"]
[EventCountry "GER"]
[SourceTitle "CBM 143 Extra"]
[Source "ChessBase"]
[SourceDate "2011.08.29"]
[SourceVersion "1"]
[SourceVersionDate "2011.08.29"]
[SourceQuality "1"]

1. c4 e5 2. Nc3 Nf6 3. Nf3 Nc6 4. a3 g6 5. d4 exd4 6. Nxd4 Bg7 7. g3 0-0 8. Bg2 Nxd4 9. Qxd4 d6 10. 0-0 Nd7 11. Qd2 a5 12. b3 Nc5 13. Qc2 Bf5 14. e4 Nxe4 15. Bxe4 Bxe4 16. Nxe4 Bxa1 17. Bg5 f6 18. Bh6 Be5 19. Qd2 d5 20. Bxf8 dxe4 21. Qxd8 Rxd8 22. Bh6 Rd3 23. Rb1 Kf7 24. Be3 Ke6 25. Kf1 Bd4 26. Bf4 c6 27. Ke2 g5 28. Bd2 b6 29. Bc1 h6 30. b4 a4 31. f4 Rb3 32. Rxb3 axb3 0-1

[Event "Hamburg St Pauli op-A"]
[Site "Hamburg"]
[Date "2010.07.14"]
[Round "6"]
[White "Schroeder, Christoph"]
[Black "Hedden, Helge"]
[Result "0-1"]
[WhiteElo "2237"]
[BlackElo "2087"]
[PlyCount "90"]
[EventDate "2010.07.10"]
[EventType "swiss"]
[EventRounds "9"]
[EventCountry "GER"]
[SourceTitle "EXT 2013"]
[Source "ChessBase"]
[SourceDate "2012.11.22"]
[SourceVersion "1"]
[SourceVersionDate "2012.11.22"]
[SourceQuality "1"]

1. e4 e6 2. d4 d5 3. Nc3 Nf6 4. e5 Nfd7 5. f4 c5 6. Nf3 Nc6 7. Be3 cxd4 8. Nxd4 Bc5 9. Qd2 0-0 10. 0-0-0 a6 11. h4 Nxd4 12. Bxd4 b5 13. h5 b4 14. Ne2 Qc7 15. h6 g6 16. Kb1 a5 17. Bxc5 Qxc5 18. Nd4 Ba6 19. Rc1 Qb6 20. c4 bxc3 21. Rxc3 Rfc8 22. Bxa6 Rxc3 23. Qxc3 Qxa6 24. Qc6 Qxc6 25. Nxc6 f6 26. Rc1 Kf7 27. Nd4 fxe5 28. fxe5 Nxe5 29. Rc7+ Kf6 30. Rxh7 Nf7 31. Kc2 e5 32. Nf3 Rf8 33. Kb3 g5 34. Ka4 Kg6 35. Rxf7 Kxf7 36. Nxe5+ Kg8 37. Nd3 g4 38. Kxa5 g3 39. b4 Rf2 40. b5 Rxg2 41. b6 Rxa2+ 42. Kb5 Ra8 43. Nf4 Rb8 44. Kc5 Rxb6 45. Kxd5 Rf6 0-1

[Event "Wichern op 6th"]
[Site "Hamburg"]
[Date "2001.10.21"]
[Round "9.45"]
[White "Hedden, Helge"]
[Black "Zacharias, Alexander"]
[Result "1/2-1/2"]
[WhiteElo "2053"]
[BlackElo "1788"]
[PlyCount "81"]
[EventDate "2001.10.21"]
[EventType "swiss"]
[EventRounds "9"]
[EventCountry "GER"]
[SourceTitle "EXT 2002"]
[Source "ChessBase"]
[SourceDate "2001.11.25"]
[SourceVersion "1"]
[SourceVersionDate "2001.11.25"]
[SourceQuality "1"]

1. Nf3 Nf6 2. b3 c5 3. c4 g6 4. Bb2 Bg7 5. e3 0-0 6. Be2 b6 7. 0-0 Bb7 8. d4 cxd4 9. Qxd4 Nc6 10. Qh4 Qc7 11. Rd1 Rfd8 12. Nc3 Ne5 13. Nb5 Nxf3+ 14. Bxf3 Qb8 15. e4 d6 16. Rd2 Rd7 17. Nc3 Ne8 18. Bg4 e6 19. Re1 Qd8 20. Qg3 Rc8 21. f4 Nf6 22. Bf3 d5 23. e5 Ne4 24. Bxe4 dxe4 25. Rxd7 Qxd7 26. Rd1 Qe8 27. Ba3 Rd8 28. Qe1 Bf8 29. Bxf8 Kxf8 30. Rxd8 Qxd8 31. Qd1 Qxd1+ 32. Nxd1 f5 33. exf6 Kf7 34. Kf2 Kxf6 35. Ke3 e5 36. Nc3 exf4+ 37. Kxf4 g5+ 38. Ke3 Ke5 39. Nb5 a6 40. Nc3 Bc6 41. g3 1/2-1/2

[Event "Wichern op 6th"]
[Site "Hamburg"]
[Date "2001.10.20"]
[Round "8.30"]
[White "Kroencke, Manfred"]
[Black "Hedden, Helge"]
[Result "1-0"]
[WhiteElo "2195"]
[BlackElo "2053"]
[PlyCount "87"]
[EventDate "2001.10.21"]
[EventType "swiss"]
[EventRounds "9"]
[EventCountry "GER"]
[SourceTitle "EXT 2002"]
[Source "ChessBase"]
[SourceDate "2001.11.25"]
[SourceVersion "1"]
[SourceVersionDate "2001.11.25"]
[SourceQuality "1"]

1. e4 d5 2. exd5 Qxd5 3. Nc3 Qa5 4. g3 g6 5. Bg2 Bg7 6. Qe2 Nf6 7. Nf3 0-0 8. 0-0 Nc6 9. h3 Nb4 10. d3 c5 11. Ne5 Be6 12. Bg5 Qa6 13. Rfe1 Rac8 14. a3 Nbd5 15. Nxd5 Nxd5 16. c4 Nf6 17. b4 Rfe8 18. Rab1 Nd7 19. Nxd7 Bxd7 20. bxc5 Bc6 21. Bxc6 Rxc6 22. Rb5 Qxa3 23. Rxb7 Re6 24. Qd1 Rxe1+ 25. Qxe1 Qxc5 26. Rxe7 Rxe7 27. Qxe7 Bf8 28. Qd8 a5 29. d4 Qxc4 30. Be7 Qc1+ 31. Kg2 Qh6 32. Bg5 Qg7 33. Bf6 Qh6 34. d5 a4 35. d6 g5 36. d7 a3 37. Qa8 Qxf6 38. d8Q Qg7 39. Qxa3 h6 40. g4 h5 41. Qe3 f6 42. Qe6+ Kh7 43. Qdd7 hxg4 44. hxg4 1-0

[Event "Wichern op 6th"]
[Site "Hamburg"]
[Date "2001.10.17"]
[Round "5.28"]
[White "Hedden, Helge"]
[Black "Reddmann, Hauke"]
[Result "0-1"]
[WhiteElo "2053"]
[BlackElo "2349"]
[PlyCount "98"]
[EventDate "2001.10.21"]
[EventType "swiss"]
[EventRounds "9"]
[EventCountry "GER"]
[SourceTitle "EXT 2002"]
[Source "ChessBase"]
[SourceDate "2001.11.25"]
[SourceVersion "1"]
[SourceVersionDate "2001.11.25"]
[SourceQuality "1"]

1. Nf3 f5 2. b3 Nf6 3. Bb2 b6 4. e3 Bb7 5. c4 e6 6. Nc3 Bd6 7. d4 0-0 8. Qc2 Nc6 9. a3 a6 10. Bd3 Qe8 11. 0-0-0 b5 12. cxb5 Ne7 13. Nd2 axb5 14. b4 Bxg2 15. Rhg1 Bc6 16. f3 Nfd5 17. Nf1 Nxc3 18. Qxc3 Bxf3 19. Re1 Nd5 20. Qc2 Ra6 21. Bxb5 Rb6 22. Nd2 Bh5 23. Ba4 Bxh2 24. Rg2 Bd6 25. Nc4 Rb8 26. Nxd6 cxd6 27. Qd3 Bf3 28. Rg3 Be4 29. Qe2 Qc8+ 30. Kd1 Nc3+ 31. Bxc3 Qxc3 32. Reg1 Rf7 33. Qh5 Qa1+ 34. Kd2 Qa2+ 35. Ke1 Rc8 36. Qh6 Rc1+ 37. Bd1 Rxd1+ 38. Kxd1 Bf3+ 39. Rxf3 Qb1+ 40. Ke2 Qxg1 41. Qh4 Qg2+ 42. Rf2 Qa8 43. Rh2 h6 44. Qg3 Qxa3 45. Rxh6 f4 46. Qg6 f3+ 47. Kd1 f2 48. Rh8+ Kxh8 49. Qxf7 Qd3+ 0-1

[Event "Wichern op 5th"]
[Site "Hamburg"]
[Date "1999.10.21"]
[Round "8"]
[White "Ewaldt, Michael"]
[Black "Hedden, Helge"]
[Result "1-0"]
[WhiteElo "2078"]
[BlackElo "1869"]
[PlyCount "44"]
[EventDate "1999.10.15"]
[EventType "swiss"]
[EventRounds "9"]
[EventCountry "GER"]
[SourceTitle "EXT 2001"]
[Source "ChessBase"]
[SourceDate "2000.11.22"]
[SourceVersion "1"]
[SourceVersionDate "2000.11.22"]
[SourceQuality "1"]

1. e4 d5 2. exd5 Qxd5 3. Nc3 Qa5 4. d4 Nf6 5. Bd2 c6 6. Bc4 Bg4 7. f3 Bf5 8. Nd5 Qd8 9. Nxf6+ gxf6 10. Ne2 Rg8 11. g4 Bg6 12. Bc3 h5 13. gxh5 Bxh5 14. Nf4 Bg6 15. Nxg6 Rxg6 16. f4 f5 17. Qh5 e6 18. 0-0-0 Nd7 19. Rhe1 Rh6 20. Rxe6+ Rxe6 21. Bxe6 Qf6 22. d5 Qg6 1-0

[Event "Wichern op 5th"]
[Site "Hamburg"]
[Date "1999.10.20"]
[Round "7"]
[White "Hedden, Helge"]
[Black "Behling, Harald"]
[Result "1/2-1/2"]
[WhiteElo "1869"]
[BlackElo "1966"]
[PlyCount "49"]
[EventDate "1999.10.15"]
[EventType "swiss"]
[EventRounds "9"]
[EventCountry "GER"]
[SourceTitle "EXT 2001"]
[Source "ChessBase"]
[SourceDate "2000.11.22"]
[SourceVersion "1"]
[SourceVersionDate "2000.11.22"]
[SourceQuality "1"]

1. c4 g6 2. Nf3 Bg7 3. g3 d6 4. Bg2 Nf6 5. 0-0 0-0 6. b3 c5 7. Bb2 Nc6 8. d3 Bg4 9. Nc3 Qd7 10. Re1 Rac8 11. Qd2 Rfe8 12. e3 Qf5 13. Nh4 Qh5 14. f3 Bd7 15. f4 g5 16. Nf3 h6 17. Ne4 Bg4 18. Rf1 Nxe4 19. dxe4 Bxf3 20. Bxf3 g4 21. Bg2 Qg6 22. Rad1 Bxb2 23. Qxb2 f6 24. Rf2 h5 25. Rfd2 1/2-1/2

[Event "Wichern op 5th"]
[Site "Hamburg"]
[Date "1999.10.17"]
[Round "3"]
[White "Hedden, Helge"]
[Black "Wobbe, Sven"]
[Result "0-1"]
[WhiteElo "1869"]
[BlackElo "2214"]
[PlyCount "140"]
[EventDate "1999.10.15"]
[EventType "swiss"]
[EventRounds "9"]
[EventCountry "GER"]
[SourceTitle "EXT 2001"]
[Source "ChessBase"]
[SourceDate "2000.11.22"]
[SourceVersion "1"]
[SourceVersionDate "2000.11.22"]
[SourceQuality "1"]

1. c4 Nf6 2. Nf3 g6 3. g3 Bg7 4. Bg2 0-0 5. 0-0 c5 6. Nc3 d6 7. b3 Ne4 8. Bb2 Nxc3 9. Bxc3 Bxc3 10. dxc3 Nd7 11. Nd2 Rb8 12. f4 a6 13. e4 b5 14. cxb5 axb5 15. c4 bxc4 16. Nxc4 Ba6 17. Qc2 Bxc4 18. Qxc4 Rb4 19. Qa6 Qc7 20. Rfd1 c4 21. Rac1 Nc5 22. Qa3 Qb6 23. Kf1 cxb3 24. axb3 Rxb3 25. Qa2 Rb8 26. Qe2 Na4 27. Rd3 Rb2 28. Rd2 Rb4 29. e5 dxe5 30. Qxe5 Rb1 31. Rxb1 Qxb1+ 32. Kf2 Qb4 33. Qd4 Qxd4+ 34. Rxd4 Nc5 35. Bf3 Kg7 36. g4 e6 37. Kg3 h6 38. Rc4 Rb5 39. Bd1 g5 40. h4 Kf6 41. hxg5+ hxg5 42. Bc2 Ra5 43. Rc3 Nd7 44. Rf3 gxf4+ 45. Rxf4+ Kg7 46. Kh4 Ne5 47. Ra4 Rc5 48. Bd1 Rc3 49. g5 Rc1 50. Rd4 Nc6 51. Rd6 Rc4+ 52. Kh5 Ne5 53. Rd2 Ng6 54. Rh2 Nf4+ 55. Kg4 Nd5+ 56. Kh5 Rc8 57. Rd2 Ne3 58. Kh4 Rh8+ 59. Bh5 Nf5+ 60. Kg4 Ne3+ 61. Kh4 Nf5+ 62. Kg4 Re8 63. Rd7 Ne7 64. Kf3 Ng6 65. Ke3 Ra8 66. Rd4 Ra5 67. Re4 Rxg5 68. Bg4 Re5 69. Kd4 Rd5+ 70. Kc4 Ne5+ 0-1

[Event "Wichern op 5th"]
[Site "Hamburg"]
[Date "1999.10.15"]
[Round "1.80"]
[White "Hedden, Helge"]
[Black "Nogly, Christoph"]
[Result "1/2-1/2"]
[WhiteElo "1869"]
[BlackElo "2273"]
[PlyCount "50"]
[EventDate "1999.10.15"]
[EventType "swiss"]
[EventRounds "9"]
[EventCountry "GER"]
[SourceTitle "EXT 2001"]
[Source "ChessBase"]
[SourceDate "2000.11.22"]
[SourceVersion "1"]
[SourceVersionDate "2000.11.22"]
[SourceQuality "1"]

1. c4 e6 2. d4 d5 3. Nc3 c6 4. cxd5 exd5 5. Nf3 Nf6 6. Bg5 Be7 7. e3 0-0 8. Bd3 Ne4 9. Bxe7 Qxe7 10. Qc2 Bf5 11. 0-0 Nd7 12. Rfe1 Bg6 13. Nd2 Rfe8 14. f3 Nxc3 15. Bxg6 hxg6 16. Qxc3 Rac8 17. b4 b6 18. e4 c5 19. bxc5 bxc5 20. Nb3 cxd4 21. Qxd4 Nb6 22. exd5 Qd6 23. Rac1 Rxe1+ 24. Rxe1 Qxd5 25. Re7 Rc1+ 1/2-1/2